000 00533nam a2200181Ia 4500
005 20250326123709.0
008 250326s9999 xx 000 0 und d
037 _aTextbook
040 _aFMSL
_beng
_cFMSL
041 _aeng
_2eng
084 _aX8(A):8obD658(2:55) P2
_qFMSL
100 _aHayter R
_9735839
245 0 _aKnoweledge, industry and environment
_cHayter R; Heron R L
260 _aUSA
_bUSA, Ashgate
_c2002
300 _a420p
942 _cTB
_hX8(A):8obD658(2:55) P2
999 _c1270549
_d1270549